书目信息 |
| 题名: |
金人
|
|
| 作者: | 莫尔 著 ;柯青 译 | |
| 分册: | ||
| 出版信息: | 北京 人民文学出版社 1981 |
|
| 页数: | 635页 | |
| 开本: | 21cm | |
| 丛书名: | 外国文学名著丛书 | |
| 单 册: | ||
| 中图分类: | I515.4 | |
| 科图分类: | ||
| 主题词: | 文学 | |
| 电子资源: | ||
| ISBN: | ||
| 000 | 00846nam2 2200289 45 | |
| 001 | 0181008530 | |
| 005 | 20060816111355.29 | |
| 010 | @dCNY1.60 | |
| 091 | @a10019.3218 | |
| 100 | @a19950706d1981 em y0chiy0121 ea | |
| 101 | 1 | @achi@bger@chun |
| 102 | @aCN@b110000 | |
| 105 | @ay z 000ay | |
| 200 | 10 | @a金人@e约卡伊·莫尔选集@EYue Ka Yi·Mo Er Xuan Ji@Ajin ren@f(匈)约卡伊·莫尔著@F(Xiong)Yue Ka Yi·Mo Er Zhu@g柯青译 |
| 210 | @a北京@c人民文学出版社@d1981 | |
| 215 | @a635页@c肖像@d21cm | |
| 225 | 2 | @a外国文学名著丛书 |
| 410 | 0 | @120010@a外国文学名著丛书 |
| 510 | 1 | @aEin Goldmensch |
| 517 | @a莫尔选集@AMo Er Xuan Ji | |
| 606 | 0 | @a文学 |
| 690 | @aI515.4 | |
| 701 | 0 | @a莫尔@4著 |
| 702 | 0 | @a柯青@Ake qing@4译 |
| 801 | 2 | @aCN@bNLC@c20060816 |
| 801 | 0 | @aCN@b上海图书馆@c20060816 |
| 905 | @f1@b57793@dI515.4@e2@b57795@f1 | |
| 金人:约卡伊·莫尔选集/(匈)约卡伊·莫尔著/柯青译.-北京:人民文学出版社,1981 |
| 635页:肖像;21cm.-(外国文学名著丛书) |
| ISBN :CNY1.60 |
| ● |
| 相关链接 |
|
|
|
|
正题名:金人
索取号:I515.4/2
 
预约/预借
| 序号 | 登录号 | 条形码 | 馆藏地/架位号 | 状态 | 备注 |
| 1 | 0057793 | 001903042 | 密集书库/ [索取号:I515.4/2] | 在馆 | |
| 2 | 0057795 | 001903006 | 密集书库/ [索取号:I515.4/2] | 在馆 | |
| 3 | 0456873 | 204568734 | 密集书库/ [索取号:I515.4/2] | 在馆 | |
| 4 | 0456874 | 204568743 | 密集书库/ [索取号:I515.4/2] | 在馆 | |
| 5 | 0457347 | 204573470 | 密集书库/ [索取号:I515.4/2] | 在馆 | |
| 6 | 0457348 | 204573489 | 密集书库/ [索取号:I515.4/2] | 在馆 | |
| 7 | 0457373 | 204573737 | 密集书库/ [索取号:I515.4/2] | 在馆 | |
| 8 | 0457374 | 204573746 | 密集书库/ [索取号:I515.4/2] | 在馆 |